La moral y la teoría

Sparad:
Bibliografiska uppgifter
Huvudupphovsman: Gilligan, Carol (Författare, medförfattare)
Materialtyp: Bok
Språk:spanska
Publicerad: Ciudad de México Fondo de Cultura Económica 1994
Serie:Colección Popular, 326
Ämnen:
Taggar: Lägg till en tagg
Inga taggar, Lägg till första taggen!

MARC

LEADER 00000nam a2200000 a 4500
001 UCZ9880
003 CL-VaPUC
008 960312e19940000MX |||||||||||||||||spa|d
082 0 4 |a 155.533  |b GIL  |2 21 
100 0 |a Gilligan, Carol  |e author  |9 354832 
245 1 3 |a La moral y la teoría 
246 1 0 |a Psicología del desarrollo femenino 
300 |a 288 p 
942 |c BK 
945 |d 19960312 00:00:00  |a aalvarez 
260 |a Ciudad de México  |b Fondo de Cultura Económica  |c 1994 
650 0 |a Moral  |9 265913 
650 0 |a Ética  |9 255099 
650 7 |a PSICOLOGIA DE LA MUJER  |2 CL-VaPUC  |9 315162 
650 7 |a SALUD MENTAL DE LA MUJER  |2 CL-VaPUC  |9 311318 
583 |a last modification  |c 19960312 00:00:00  |k Rodrigo Vera 
490 0 |a Colección Popular, 326 
999 |c 244932  |d 244930 
952 |0 0  |1 0  |4 0  |6 155_533000000000000_GIL_1994  |7 0  |8 A  |9 259218  |a BIBTEO  |b BIBTEO  |d 2019-11-19  |i 3176827  |l 3  |m 1  |o 155.533 GIL 1994  |p 3176827  |r 2025-01-17  |s 2022-09-07  |w 2019-11-19  |y BK  |k ICR